<?xml version="1.0" encoding="UTF-8"?>
<record
    xmlns:xsi="http://www.w3.org/2001/XMLSchema-instance"
    xsi:schemaLocation="http://www.loc.gov/MARC21/slim http://www.loc.gov/standards/marcxml/schema/MARC21slim.xsd"
    xmlns="http://www.loc.gov/MARC21/slim">

  <leader>00825nam a22002537a 4500</leader>
  <controlfield tag="003">OSt</controlfield>
  <controlfield tag="005">20240802110235.0</controlfield>
  <controlfield tag="008">240731b        |||||||| |||| 00| 0 eng d</controlfield>
  <datafield tag="020" ind1=" " ind2=" ">
    <subfield code="a">9780323681704 (paperback)</subfield>
  </datafield>
  <datafield tag="040" ind1=" " ind2=" ">
    <subfield code="a">NUST</subfield>
    <subfield code="b">eng</subfield>
    <subfield code="c">NUST</subfield>
    <subfield code="d">NUST</subfield>
    <subfield code="e">rda</subfield>
  </datafield>
  <datafield tag="050" ind1=" " ind2=" ">
    <subfield code="a">RB113 UND</subfield>
  </datafield>
  <datafield tag="100" ind1=" " ind2=" ">
    <subfield code="a">Huerher, Sue E</subfield>
    <subfield code="e">Author</subfield>
  </datafield>
  <datafield tag="245" ind1=" " ind2=" ">
    <subfield code="a">Understanding pathophysiology :</subfield>
    <subfield code="b">study guide /</subfield>
    <subfield code="c"> Sue E. Huether</subfield>
  </datafield>
  <datafield tag="250" ind1=" " ind2=" ">
    <subfield code="a">Seventh edition.</subfield>
  </datafield>
  <datafield tag="260" ind1=" " ind2=" ">
    <subfield code="a">St Louis :</subfield>
    <subfield code="b">Elsevier,</subfield>
    <subfield code="c">2021.</subfield>
  </datafield>
  <datafield tag="300" ind1=" " ind2=" ">
    <subfield code="a">ix, 317 pages.</subfield>
    <subfield code="b">Illustrations ;</subfield>
    <subfield code="c">28 cm.</subfield>
  </datafield>
  <datafield tag="336" ind1=" " ind2=" ">
    <subfield code="2">rdamedia</subfield>
    <subfield code="a">text</subfield>
    <subfield code="b">txt</subfield>
  </datafield>
  <datafield tag="337" ind1=" " ind2=" ">
    <subfield code="2">rdamedia</subfield>
    <subfield code="a">unmediated</subfield>
    <subfield code="b">n</subfield>
  </datafield>
  <datafield tag="338" ind1=" " ind2=" ">
    <subfield code="2">rdamedia</subfield>
    <subfield code="a">volume</subfield>
    <subfield code="b">nc</subfield>
  </datafield>
  <datafield tag="650" ind1=" " ind2=" ">
    <subfield code="v">ACTH</subfield>
  </datafield>
  <datafield tag="650" ind1=" " ind2=" ">
    <subfield code="v">Hypothalamic - pituitary - adrenal axis.</subfield>
  </datafield>
  <datafield tag="700" ind1=" " ind2=" ">
    <subfield code="a">McCance, Kathryn L</subfield>
    <subfield code="e">Author</subfield>
  </datafield>
  <datafield tag="942" ind1=" " ind2=" ">
    <subfield code="2">lcc</subfield>
    <subfield code="c">BOOKS</subfield>
    <subfield code="e">Seventh edition.</subfield>
    <subfield code="h">RB113</subfield>
    <subfield code="k">RB</subfield>
    <subfield code="m">HUE</subfield>
    <subfield code="n">0</subfield>
  </datafield>
  <datafield tag="999" ind1=" " ind2=" ">
    <subfield code="c">170922</subfield>
    <subfield code="d">170922</subfield>
  </datafield>
  <datafield tag="952" ind1=" " ind2=" ">
    <subfield code="0">0</subfield>
    <subfield code="1">0</subfield>
    <subfield code="2">LCC</subfield>
    <subfield code="4">0</subfield>
    <subfield code="7">0</subfield>
    <subfield code="8">NFIC</subfield>
    <subfield code="a">MAIN</subfield>
    <subfield code="b">MAIN</subfield>
    <subfield code="c">GEN</subfield>
    <subfield code="d">2024-07-31</subfield>
    <subfield code="e">Book Aid International</subfield>
    <subfield code="g">80.00</subfield>
    <subfield code="l">0</subfield>
    <subfield code="o">RB113UND</subfield>
    <subfield code="p">92004052489</subfield>
    <subfield code="r">2024-07-31 10:10:22</subfield>
    <subfield code="t">59884</subfield>
    <subfield code="v">80.00</subfield>
    <subfield code="w">2024-07-31</subfield>
    <subfield code="y">BOOKS</subfield>
    <subfield code="z">Donation</subfield>
  </datafield>
</record>
